[Event "Mallorca-chT Preferente"]
[Site "Mallorca"]
[Date "2016.03.09"]
[Round "4.4"]
[White "Munar Rossello, Pedro"]
[Black "Fullana Oliver, Antoni"]
[Result "1-0"]
[WhiteElo "2105"]
[BlackElo "1746"]
[PlyCount "41"]
[EventDate "2016.03.01"]
[EventType "team-tourn"]
[EventRounds "9"]
[EventCountry "ESP"]
[SourceTitle "EXT 2024"]
[Source "ChessBase"]
[SourceDate "2023.10.10"]
[SourceVersion "1"]
[SourceVersionDate "2023.10.10"]
[SourceQuality "1"]
[WhiteTeam "Can Tiu Alaro Dragonera"]
[BlackTeam "Algaida"]
[WhiteTeamCountry "ESP"]
[BlackTeamCountry "ESP"]

1. e4 e6 2. d4 a6 3. f4 d6 4. Nf3 Nf6 5. e5 Nd5 6. c4 Nb6 7. Bd3 Bd7 8. 0-0 Bc6 9. Nc3 Bxf3 10. Qxf3 d5 11. f5 Qd7 12. fxe6 fxe6 13. Qh5+ Kd8 14. Bg5+ Be7 15. Rf7 dxc4 16. Bxe7+ Qxe7 17. Rxe7 Kxe7 18. Qg5+ Ke8 19. Qxg7 Rf8 20. Bxh7 N8d7 21. Ne4 1-0

[Event "Mallorca-chT Preferente"]
[Site "Mallorca"]
[Date "2016.03.01"]
[Round "1.4"]
[White "Lazarte Anello, David Emiliano"]
[Black "Munar Rossello, Pedro"]
[Result "0-1"]
[WhiteElo "2006"]
[BlackElo "2105"]
[PlyCount "61"]
[EventDate "2016.03.01"]
[EventType "team-tourn"]
[EventRounds "9"]
[EventCountry "ESP"]
[SourceTitle "EXT 2024"]
[Source "ChessBase"]
[SourceDate "2023.10.10"]
[SourceVersion "1"]
[SourceVersionDate "2023.10.10"]
[SourceQuality "1"]
[WhiteTeam "Blau Escacs Calvia"]
[BlackTeam "Can Tiu Alaro Dragonera"]
[WhiteTeamCountry "ESP"]
[BlackTeamCountry "ESP"]

1. d4 Nf6 2. c4 c5 3. d5 e5 4. Nc3 d6 5. e4 Be7 6. Be2 Nbd7 7. h4 h5 8. Nf3 Nf8 9. Qd3 Ng4 10. Bd2 a6 11. Ng5 Rb8 12. a4 Ng6 13. g3 0-0 14. 0-0 b6 15. Qc2 Bd7 16. Rfb1 Re8 17. b4 Nf8 18. bxc5 bxc5 19. Rxb8 Qxb8 20. Rb1 Qc8 21. a5 f5 22. exf5 Bxf5 23. Bd3 Bxd3 24. Qxd3 Bxg5 25. Bxg5 e4 26. Nxe4 Ne5 27. Qc3 Qh3 28. f4 Ng4 29. Qf3 Qh2+ 30. Kf1 Qc2 31. Nd2 0-1

[Event "Palma de Mallorca op U2200"]
[Site "Palma de Mallorca"]
[Date "2013.01.19"]
[Round "8"]
[White "Oliver Amengual, Adria"]
[Black "Munar Rossello, Pedro"]
[Result "0-1"]
[WhiteElo "1931"]
[BlackElo "2076"]
[PlyCount "38"]
[EventDate "2013.01.12"]
[EventType "swiss"]
[EventRounds "9"]
[EventCountry "ESP"]
[SourceTitle "EXT 2014"]
[Source "ChessBase"]
[SourceDate "2013.11.20"]
[SourceVersion "1"]
[SourceVersionDate "2013.11.20"]
[SourceQuality "1"]

1. e4 c5 2. Nf3 Nf6 3. e5 Nd5 4. Nc3 e6 5. Nxd5 exd5 6. d4 Nc6 7. dxc5 Bxc5 8. Qxd5 Qb6 9. Bc4 Bxf2+ 10. Ke2 0-0 11. Rf1 Bc5 12. Ng5 Nxe5 13. Qxe5 d5 14. Rxf7 Bg4+ 15. Kf1 Rxf7+ 16. Nxf7 dxc4 17. h3 Rf8 18. hxg4 Rxf7+ 19. Bf4 Qd6 0-1

[Event "Palma de Mallorca op U2200"]
[Site "Palma de Mallorca"]
[Date "2013.01.13"]
[Round "2"]
[White "Munar Rossello, Pedro"]
[Black "Aguilo Pons, Francesc"]
[Result "1-0"]
[WhiteElo "2076"]
[BlackElo "1944"]
[PlyCount "75"]
[EventDate "2013.01.12"]
[EventType "swiss"]
[EventRounds "9"]
[EventCountry "ESP"]
[SourceTitle "EXT 2014"]
[Source "ChessBase"]
[SourceDate "2013.11.20"]
[SourceVersion "1"]
[SourceVersionDate "2013.11.20"]
[SourceQuality "1"]

1. e4 c5 2. Nc3 Nc6 3. f4 d6 4. Nf3 Nf6 5. Bc4 e6 6. d3 Be7 7. 0-0 0-0 8. a4 d5 9. Ba2 Nb4 10. e5 Ne8 11. Bb1 g6 12. d4 b6 13. Ne2 Ba6 14. c3 Nc6 15. Rf2 Rc8 16. Be3 Ng7 17. g4 Qd7 18. Ng3 cxd4 19. Bxd4 Bc5 20. Qd2 Bxd4 21. cxd4 f5 22. exf6 Rxf6 23. b4 Nxb4 24. Qxb4 Rxf4 25. Ne5 Rc1+ 26. Kg2 Rxf2+ 27. Kxf2 Qd8 28. Qd2 Qc7 29. Qf4 Ne8 30. Kg2 Nd6 31. Qf6 Bc8 32. Nh5 gxh5 33. Bxh7+ Kxh7 34. Qg6+ Kh8 35. Qxh5+ Kg8 36. Qg6+ Kf8 37. Qh6+ Kg8 38. Rxc1 1-0

[Event "Mallorca-chT Preferente"]
[Site "Palma de Mallorca"]
[Date "2012.03.03"]
[Round "5.2"]
[White "Navarrete Terrasa, Antonio"]
[Black "Munar Rossello, Pedro"]
[Result "0-1"]
[WhiteElo "1869"]
[BlackElo "2106"]
[PlyCount "60"]
[EventDate "2012.01.28"]
[EventType "team"]
[EventRounds "9"]
[EventCountry "ESP"]
[SourceTitle "EXT 2014"]
[Source "ChessBase"]
[SourceDate "2013.11.20"]
[SourceVersion "1"]
[SourceVersionDate "2013.11.20"]
[SourceQuality "1"]
[WhiteTeam "Mate en Dos"]
[BlackTeam "Sa Dragonera"]
[WhiteTeamCountry "ESP"]
[BlackTeamCountry "ESP"]

1. e4 c5 2. Nf3 Nc6 3. d4 cxd4 4. Nxd4 g6 5. c4 Nf6 6. Nc3 Nxd4 7. Qxd4 d6 8. Be2 Bg7 9. Be3 0-0 10. Qd2 Qa5 11. Rc1 Be6 12. 0-0 Rfc8 13. b3 a6 14. f3 b5 15. Nd5 Qxd2 16. Bxd2 Bxd5 17. cxd5 Nd7 18. Rxc8+ Rxc8 19. Rc1 Rc5 20. Be3 Bd4 21. Bxd4 Rxc1+ 22. Kf2 Rc2 23. a4 Nc5 24. axb5 Nxb3 25. Be3 axb5 26. Ke1 Nc5 27. g4 b4 28. h4 b3 29. Bd1 Rh2 30. Bxc5 b2 0-1

[Event "Mallorca-chA"]
[Site "Palma de Mallorca"]
[Date "2011.11.06"]
[Round "3"]
[White "Munar Rossello, Pedro"]
[Black "Massanet Massanet, Sebastian"]
[Result "1-0"]
[WhiteElo "2077"]
[BlackElo "2222"]
[PlyCount "73"]
[EventDate "2011.10.29"]
[EventType "swiss"]
[EventRounds "8"]
[EventCountry "ESP"]
[SourceTitle "EXT 2014"]
[Source "ChessBase"]
[SourceDate "2013.11.20"]
[SourceVersion "1"]
[SourceVersionDate "2013.11.20"]
[SourceQuality "1"]

1. d4 d5 2. c4 c6 3. Nc3 Nf6 4. Bg5 e6 5. cxd5 exd5 6. Qc2 Be7 7. e3 0-0 8. Bd3 Nbd7 9. Nge2 Re8 10. 0-0 Nf8 11. f3 Nh5 12. Bxe7 Rxe7 13. e4 dxe4 14. fxe4 Bg4 15. h3 Bxe2 16. Nxe2 Ne6 17. Qc3 Nf6 18. Rad1 Rd7 19. Bb1 Qb6 20. Kh1 Rad8 21. e5 Nd5 22. Qd3 g6 23. Rd2 Qc7 24. Qg3 Qa5 25. Nc3 Nxc3 26. bxc3 c5 27. Qf2 cxd4 28. cxd4 Qd5 29. Qf6 Nxd4 30. a3 Qe6 31. Qf4 Qb6 32. Ba2 Ne6 33. Qf6 Qc6 34. Rd6 Rxd6 35. Qxf7+ Kh8 36. Qf6+ Kg8 37. exd6 1-0

[Event "Calvia Amateur op 6th"]
[Site "Calvia"]
[Date "2009.10.12"]
[Round "3"]
[White "Munar Rossello, Pedro"]
[Black "Grebstad, Kjell Borre"]
[Result "1-0"]
[WhiteElo "2144"]
[BlackElo "1959"]
[PlyCount "55"]
[EventDate "2009.10.10"]
[EventType "swiss"]
[EventRounds "9"]
[EventCountry "ESP"]
[SourceTitle "CBM 132 Extra"]
[Source "ChessBase"]
[SourceDate "2009.11.03"]
[SourceVersion "1"]
[SourceVersionDate "2009.11.03"]
[SourceQuality "1"]

1. e4 d5 2. exd5 Qxd5 3. Nc3 Qa5 4. d4 Nf6 5. Bd2 Bg4 6. f3 Bf5 7. Nge2 c6 8. Ng3 Bg6 9. Nce4 Qc7 10. Bd3 Nbd7 11. 0-0 e6 12. f4 Nxe4 13. Nxe4 Nf6 14. Nxf6+ gxf6 15. f5 exf5 16. Re1+ Kd7 17. Qf3 f4 18. Qg4+ Kd8 19. Bxf4 Bd6 20. Qh4 Kd7 21. Qxf6 Rae8 22. Bf5+ Bxf5 23. Qxf5+ Kd8 24. Bg5+ Be7 25. Rxe7 Rxe7 26. Re1 Rhe8 27. Rxe7 Rxe7 28. Qxf7 1-0

[Event "ESP-ch 74th"]
[Site "Palma de Mallorca"]
[Date "2009.10.01"]
[Round "6"]
[White "Munar Rossello, Pedro"]
[Black "Figuerola Campins, Antonio"]
[Result "1-0"]
[WhiteElo "2144"]
[BlackElo "1904"]
[PlyCount "69"]
[EventDate "2009.09.26"]
[EventType "swiss"]
[EventRounds "9"]
[EventCountry "ESP"]
[SourceTitle "CBM 132 Extra"]
[Source "ChessBase"]
[SourceDate "2009.11.03"]
[SourceVersion "1"]
[SourceVersionDate "2009.11.03"]
[SourceQuality "1"]

1. e4 c5 2. Nc3 g6 3. f4 Bg7 4. Nf3 Nc6 5. Bb5 a6 6. Bxc6 bxc6 7. d3 Rb8 8. 0-0 d6 9. Qe1 Bg4 10. Qh4 Bxf3 11. Rxf3 Bd4+ 12. Kh1 Qa5 13. Nd1 Bf6 14. Qg3 Nh6 15. Ne3 Qc7 16. c3 Qd7 17. e5 Bg7 18. exd6 exd6 19. f5 Be5 20. Qh4 Nxf5 21. Nxf5 gxf5 22. d4 cxd4 23. cxd4 Rb4 24. Re3 Kf8 25. Re2 h5 26. Be3 c5 27. a3 Ra4 28. b3 Bxd4 29. Rae1 Rxa3 30. Bxd4 cxd4 31. Qf6 Rg8 32. Re7 Qxe7 33. Qxe7+ Kg7 34. Qg5+ Kf8 35. Qh6+ 1-0

[Event "ESP-ch 74th"]
[Site "Palma de Mallorca"]
[Date "2009.09.29"]
[Round "4"]
[White "Munar Rossello, Pedro"]
[Black "Valmana Canto, Jaime"]
[Result "0-1"]
[WhiteElo "2144"]
[BlackElo "2332"]
[PlyCount "90"]
[EventDate "2009.09.26"]
[EventType "swiss"]
[EventRounds "9"]
[EventCountry "ESP"]
[SourceTitle "CBM 132 Extra"]
[Source "ChessBase"]
[SourceDate "2009.11.03"]
[SourceVersion "1"]
[SourceVersionDate "2009.11.03"]
[SourceQuality "1"]

1. e4 g6 2. d4 Bg7 3. c4 d6 4. Nc3 e5 5. dxe5 dxe5 6. Qxd8+ Kxd8 7. f4 Nc6 8. Nf3 Bg4 9. h3 Bxf3 10. gxf3 Nd4 11. Kf2 Ne6 12. fxe5 Bxe5 13. Be3 c6 14. Rd1+ Kc7 15. h4 Nf6 16. Bh3 Rad8 17. Bxe6 fxe6 18. Na4 b6 19. f4 Ng4+ 20. Kf3 Nxe3 21. Kxe3 Bg7 22. e5 Bh6 23. Rxd8 Rxd8 24. Nc3 Rf8 25. Rf1 Rf5 26. Ke4 Rh5 27. Rd1 Rxh4 28. Ne2 Bxf4 29. Nxf4 g5 30. Rd6 Rxf4+ 31. Kd3 Rf7 32. Rxe6 g4 33. Re8 Rg7 34. Ra8 Kb7 35. Rf8 g3 36. e6 Ka6 37. e7 g2 38. e8Q Rg3+ 39. Kc2 g1Q 40. Qc8+ Ka5 41. Rf5+ c5 42. a3 Rg2+ 43. Kb3 Qd4 44. Rxc5+ Qxc5 45. Qb7 Rg3+ 0-1

[Event "Palma de Mallorca op 3rd"]
[Site "Palma de Mallorca"]
[Date "2008.12.08"]
[Round "3"]
[White "Munar Rossello, Pedro"]
[Black "Pogorelov, Ruslan"]
[Result "0-1"]
[WhiteElo "2098"]
[BlackElo "2441"]
[PlyCount "64"]
[EventDate "2008.12.06"]
[EventType "swiss"]
[EventRounds "9"]
[EventCountry "ESP"]
[SourceTitle "CBM 127 Extra"]
[Source "ChessBase"]
[SourceDate "2009.01.08"]
[SourceVersion "2"]
[SourceVersionDate "2009.01.28"]
[SourceQuality "1"]

1. e4 c5 2. Nf3 Nc6 3. d4 cxd4 4. Nxd4 Qc7 5. Nc3 e6 6. Be3 a6 7. Qd2 Nf6 8. 0-0-0 Bb4 9. f3 Ne5 10. Nb3 d5 11. Bd4 0-0 12. Qg5 Bd6 13. Kb1 dxe4 14. fxe4 b5 15. Bxb5 h6 16. Qh4 axb5 17. Nxb5 Qc6 18. Nxd6 Qxd6 19. Qg3 Nfd7 20. Nc5 f6 21. Nxd7 Qxd7 22. Bxe5 Qa4 23. Bd6 Qxa2+ 24. Kc1 Rd8 25. e5 Qa1+ 26. Kd2 Qxb2 27. exf6 Qxf6 28. Rhf1 Qd4+ 29. Ke1 Ra1 30. Ke2 Ba6+ 31. Rd3 Bxd3+ 32. cxd3 Ra2+ 0-1

[Event "Palma de Mallorca op 3rd"]
[Site "Palma de Mallorca"]
[Date "2008.12.07"]
[Round "2"]
[White "Valls Casas, Jordi"]
[Black "Munar Rossello, Pedro"]
[Result "0-1"]
[WhiteElo "2091"]
[BlackElo "2098"]
[PlyCount "108"]
[EventDate "2008.12.06"]
[EventType "swiss"]
[EventRounds "9"]
[EventCountry "ESP"]
[SourceTitle "CBM 127 Extra"]
[Source "ChessBase"]
[SourceDate "2009.01.08"]
[SourceVersion "2"]
[SourceVersionDate "2009.01.28"]
[SourceQuality "1"]

1. d4 d5 2. Nf3 c5 3. dxc5 e6 4. g3 Bxc5 5. Bg2 Nf6 6. 0-0 Nc6 7. c3 0-0 8. b4 Be7 9. Bb2 Qb6 10. a4 Ne4 11. e3 Na5 12. Nbd2 Nd6 13. Qc2 Nac4 14. Nxc4 Nxc4 15. Bc1 Bd7 16. e4 dxe4 17. Qxe4 Rac8 18. Ng5 Bxg5 19. Bxg5 Bc6 20. Qd4 Bxg2 21. Kxg2 Qc6+ 22. f3 f6 23. b5 Qc5 24. Qxc5 Rxc5 25. Bc1 Rd8 26. Re1 Kf7 27. Be3 Nxe3+ 28. Rxe3 Rd2+ 29. Kg1 Rc2 30. Rd1 Rd5 31. Red3 Rxc3 32. Rxd5 exd5 33. Rxd5 Ke7 34. Rd4 Rxf3 35. Kg2 Rc3 36. h4 f5 37. Kf2 h5 38. Kg2 Re3 39. Kf2 Re4 40. Rxe4+ fxe4 41. Ke3 Kd6 42. Kxe4 Kc5 43. Kf5 Kb4 44. Kg5 Kxa4 45. Kxh5 Kxb5 46. Kg6 a5 47. h5 a4 48. Kxg7 a3 49. h6 a2 50. h7 a1Q+ 51. Kg8 Qa2+ 52. Kg7 Qb2+ 53. Kg8 Qb3+ 54. Kh8 Qf7 0-1

[Event "Calvia op 4th"]
[Site "Calvia"]
[Date "2007.10.20"]
[Round "6"]
[White "Aloma Vidal, Roberto"]
[Black "Munar Rossello, Pedro"]
[Result "1-0"]
[WhiteElo "2398"]
[BlackElo "2075"]
[PlyCount "79"]
[EventDate "2007.10.15"]
[EventType "swiss"]
[EventRounds "9"]
[EventCountry "ESP"]
[SourceTitle "CBM 120 Extra"]
[Source "ChessBase"]
[SourceDate "2007.11.01"]
[SourceVersion "1"]
[SourceVersionDate "2007.11.01"]
[SourceQuality "1"]

1. d4 Nf6 2. Nf3 g6 3. c4 Bg7 4. Nc3 d6 5. e4 0-0 6. h3 e5 7. dxe5 dxe5 8. Qxd8 Rxd8 9. Bg5 c6 10. Nxe5 Re8 11. 0-0-0 Na6 12. Nf3 Nc5 13. Nd2 h6 14. Bxf6 Bxf6 15. f3 a5 16. Kc2 a4 17. g3 Ne6 18. f4 Nd4+ 19. Kb1 Bg7 20. e5 Nf5 21. Nde4 Be6 22. c5 a3 23. b3 Ne3 24. Re1 Nd5 25. Bc4 g5 26. Bxd5 cxd5 27. Nd6 gxf4 28. gxf4 Rec8 29. b4 d4 30. Nxc8 dxc3 31. Ne7+ Kf8 32. f5 Kxe7 33. fxe6 Kxe6 34. Re3 Ra4 35. Rxc3 Rxb4+ 36. Rb3 Rc4 37. Rc1 Kd5 38. Rxc4 Kxc4 39. Rxb7 Kxc5 40. e6 1-0

[Event "Calvia op 2nd"]
[Site "Calvia"]
[Date "2005.10.25"]
[Round "6"]
[White "Nygren, Kim"]
[Black "Munar Rossello, Pedro"]
[Result "1-0"]
[WhiteElo "2231"]
[BlackElo "2083"]
[PlyCount "61"]
[EventDate "2005.10.21"]
[EventType "swiss"]
[EventRounds "9"]
[EventCountry "ESP"]
[SourceTitle "EXT 2006"]
[Source "ChessBase"]
[SourceDate "2005.11.24"]
[SourceVersion "1"]
[SourceVersionDate "2005.11.24"]
[SourceQuality "1"]

1. e4 c5 2. Nf3 e6 3. d4 cxd4 4. Nxd4 a6 5. Nc3 Qc7 6. f4 b5 7. Bd3 Bb7 8. Qe2 Nc6 9. Nf3 d6 10. Be3 Be7 11. 0-0 Nf6 12. a4 b4 13. Nd1 0-0 14. Nf2 e5 15. f5 d5 16. Bg5 dxe4 17. Nxe4 Nxe4 18. Qxe4 Nd4 19. Qh4 Nxf3+ 20. gxf3 Qc5+ 21. Kh1 Bxg5 22. Qxg5 f6 23. Qg4 Rac8 24. Rae1 Rfd8 25. Rg1 Rc7 26. b3 Rd4 27. Qh5 Re7 28. Bc4+ Kh8 29. Rxg7 Bxf3+ 30. Qxf3 Rxc4 31. Rxe7 1-0